000 01216nam a22002657a 4500
001 49339
003 BD-RjUL
005 20230320100849.0
008 160820b2001 b a|||| |||| 00| 0 ben d
020 _a9848214135
_c: TK 150.00
035 _a(BD-RjUL)49458
040 _aBD-RjUL
_bben
_cBD-RjUL
_dBD-RjUL
041 _aben
082 _223
_a581
_bPAB 2001
100 _aপাল, নিশীথ কুমার
_9121656
245 1 0 _aবায়োডাইভারসিটি :
_b(উদ্ভিদ এবং প্রানী বৈচিত্র) /
_cনিশীথ কুমার পাল, মোঃ আব্দুল মান্নান সরকার
250 _a২য় সং.
260 _aরাজশাহী :
_bইউরেকা বুক এজেন্সী,
_c২০০১
300 _a[১২] ২৪৪ পৃ. :
_bচিত্র ;
_c১৯ সেমি.
504 _aতথ্যপঞ্জি : পৃ. ২২৪-২২৫
650 _aBiological diversity
_9148173
650 _aজীব বৈচিত্র্য
_9148174
700 _aসরকার, মো. আব্দুল মান্নান, যুগ্ম লেখক
_97177
942 _2ddc
_cBK
999 _c49339
_d49339